00604nam a22001217a 4500008004100000020001500041050002800056245028100084260004300365300002200408440002900430800002300459140818b xxu||||| |||| 00| 0 eng d a040609439x aKD276.3.L39(1901 vol.1) aThe Law Reports(1901 vol.1) Chancery division: of the incorporated council of law reporting supreme court of judicature cases determined in the chancery division and in chancery division and in lunacy and appeal therefrom in court of appeal. /cedited by Sir Frederick Pallock aLondon:bButterworth & Co. Ltd,c1901. axiv,954p.:c24cm. pChancery DivisionvVol I aPollock, Frederick